000 00930nam a2200265Ia 4500
003 GCL
008 140319s9999 xx 000 0 ara d
040 _aGCL /
_cGCL
082 0 4 _a301.1552
_bا ف
100 1 _aالسيد عبدالحليم الزيات
245 1 0 _aفى سوسيولوجيا بناء السلطة (الطبقة - القوة - الصفوة) /
_cالسيد عبدالحليم الزيات
260 _a[S.N] :
_bدار المعرفة الجامعية ،
_c1990
300 _a407 ص
490 _a
650 0 4 _aالتنمية الاجتماعية
650 0 4 _aالاجتماع
650 0 4 _aالاجانب
650 0 4 _aالوضع الاجتماعى
650 0 4 _aالتغير الاجتماعى
650 0 4 _aالاجتماع السياسى
650 0 4 _aالحركات الاجتماعية
650 0 4 _aصفوة المجتمع
650 0 4 _aاتخاذ القرارات
942 _2ddc
_cBK
999 _c27665
_d27665